[Event "Forni di Sopra op 11th"]
[Site "Forni di Sopra"]
[Date "2020.09.30"]
[Round "6"]
[White "Andolfatto, Maria"]
[Black "Basso, Pier Luigi"]
[Result "0-1"]
[WhiteElo "2002"]
[BlackElo "2603"]
[PlyCount "74"]
[EventDate "2020.09.26"]
[EventType "swiss"]
[EventRounds "9"]
[EventCountry "ITA"]
[SourceTitle "CBM 198 Extra"]
[Source "ChessBase"]
[SourceDate "2020.11.30"]
[SourceVersion "1"]
[SourceVersionDate "2020.11.30"]
[SourceQuality "1"]

1. c4 c6 2. Nf3 d5 3. g3 Nf6 4. Bg2 dxc4 5. 0-0 Nbd7 6. Qc2 Nb6 7. a4 a5 8. Na3 Be6 9. Ng5 Qd7 10. Rd1 Nfd5 11. Nxc4 Nb4 12. Nxb6 Nxc2 13. Nxd7 Kxd7 14. Nxe6 Nxa1 15. Ng5 Ke8 16. Be4 h6 17. Nf3 Nb3 18. d4 Nxc1 19. Rxc1 Rb8 20. Rc5 e6 21. Rxa5 Bd6 22. Ra7 Kd7 23. Nd2 Kc7 24. Nc4 Bb4 25. a5 Ra8 26. Rxa8 Rxa8 27. Ne5 Rxa5 28. Nd3 Bd6 29. f4 b6 30. Kg2 c5 31. dxc5 bxc5 32. b3 Ra3 33. Nc1 Ra1 34. Nd3 f5 35. Bf3 Rb1 36. Bh5 Rxb3 37. Bf7 Kd7 0-1

[Event "Forni di Sopra op 11th"]
[Site "Forni di Sopra"]
[Date "2020.09.29"]
[Round "5"]
[White "Andolfatto, Maria"]
[Black "Marchesich, Giovanni"]
[Result "1-0"]
[WhiteElo "2002"]
[BlackElo "2063"]
[PlyCount "51"]
[EventDate "2020.09.26"]
[EventType "swiss"]
[EventRounds "9"]
[EventCountry "ITA"]
[SourceTitle "CBM 198 Extra"]
[Source "ChessBase"]
[SourceDate "2020.11.30"]
[SourceVersion "1"]
[SourceVersionDate "2020.11.30"]
[SourceQuality "1"]

1. Nf3 Nf6 2. c4 g6 3. g3 Bg7 4. Bg2 0-0 5. Nc3 d5 6. cxd5 Nxd5 7. 0-0 Nc6 8. d4 e5 9. Nxd5 e4 10. Ne5 Qxd5 11. Nxc6 Qxc6 12. Bf4 Qd5 13. Bxc7 Qxd4 14. Qxd4 Bxd4 15. Bxe4 Re8 16. Bf3 Bxb2 17. Rab1 Be5 18. Bxe5 Rxe5 19. Rfd1 Be6 20. Rxb7 Ra5 21. Rxf7 Kxf7 22. Bxa8 Rxa2 23. e4 Bg4 24. Bd5+ Kf6 25. f3 Bxf3 26. e5+ 1-0

[Event "Anti Cheating Blitz Cup"]
[Site "Chess.com INT"]
[Date "2020.05.20"]
[Round "7"]
[White "Andolfatto, Maria"]
[Black "Ning, Kaiyu"]
[Result "0-1"]
[WhiteElo "2002"]
[BlackElo "2327"]
[PlyCount "72"]
[EventDate "2020.05.20"]
[EventType "swiss (blitz)"]
[EventRounds "11"]
[EventCountry "USA"]
[SourceTitle "CBM 196 Extra"]
[Source "ChessBase"]
[SourceDate "2020.07.31"]
[SourceVersion "1"]
[SourceVersionDate "2020.07.31"]
[SourceQuality "1"]

1. Nf3 d5 2. c4 d4 3. b4 f6 4. Na3 e5 5. Nc2 Be6 6. d3 a5 7. b5 Nd7 8. g3 Nc5 9. Bg2 Bd6 10. 0-0 Ne7 11. e3 dxe3 12. Nxe3 0-0 13. d4 exd4 14. Nxd4 Bf7 15. Ndf5 Nxf5 16. Nxf5 Be5 17. Rb1 Qxd1 18. Rxd1 Bxc4 19. Be3 Na4 20. Bxb7 Rab8 21. Bd5+ Bxd5 22. Ne7+ Kf7 23. Nxd5 Rfd8 24. f4 Bd6 25. Rd4 Nc5 26. Bf2 Ne6 27. Rd2 c6 28. Nc3 Bb4 29. Rc2 cxb5 30. a3 Bxc3 31. Rxc3 Rd7 32. f5 Nc7 33. Rc5 b4 34. axb4 axb4 35. Be1 Nd5 36. Rd1 Rbd8 0-1

[Event "Anti Cheating Blitz Cup"]
[Site "Chess.com INT"]
[Date "2020.05.20"]
[Round "6"]
[White "Joel Paul, Ganta"]
[Black "Andolfatto, Maria"]
[Result "0-1"]
[WhiteElo "1864"]
[BlackElo "2002"]
[PlyCount "70"]
[EventDate "2020.05.20"]
[EventType "swiss (blitz)"]
[EventRounds "11"]
[EventCountry "USA"]
[SourceTitle "CBM 196 Extra"]
[Source "ChessBase"]
[SourceDate "2020.07.31"]
[SourceVersion "1"]
[SourceVersionDate "2020.07.31"]
[SourceQuality "1"]

1. e4 e5 2. Nf3 Nf6 3. Bb5 c6 4. Bc4 d5 5. exd5 cxd5 6. Bb5+ Bd7 7. Bxd7+ Nbxd7 8. d4 e4 9. Ne5 Bd6 10. Bf4 Qc7 11. Nxd7 Qxd7 12. Bxd6 Qxd6 13. Nc3 0-0 14. 0-0 a6 15. a4 Rfe8 16. Re1 Kf8 17. a5 Rac8 18. Na4 Nd7 19. Qd2 Qc7 20. Rac1 Qc6 21. b3 Kg8 22. c4 dxc4 23. Rxc4 Qd5 24. Rec1 Rcd8 25. h3 h6 26. Qb4 e3 27. fxe3 Rxe3 28. Rc8 Rxc8 29. Rxc8+ Kh7 30. Qc4 Qg5 31. Qc2+ f5 32. Rc7 Nf6 33. Rc5 Ne4 34. Re5 Re1+ 35. Kh2 Qg3# 0-1

[Event "Anti Cheating Blitz Cup"]
[Site "Chess.com INT"]
[Date "2020.05.20"]
[Round "1"]
[White "Sadhwani, Raunak"]
[Black "Andolfatto, Maria"]
[Result "1-0"]
[WhiteElo "2545"]
[BlackElo "2002"]
[PlyCount "69"]
[EventDate "2020.05.20"]
[EventType "swiss (blitz)"]
[EventRounds "11"]
[EventCountry "USA"]
[SourceTitle "CBM 196 Extra"]
[Source "ChessBase"]
[SourceDate "2020.07.31"]
[SourceVersion "1"]
[SourceVersionDate "2020.07.31"]
[SourceQuality "1"]

1. e4 e5 2. Nf3 Nf6 3. Nxe5 d6 4. Nf3 Nxe4 5. Qe2 Qe7 6. d3 Nf6 7. Bg5 Qxe2+ 8. Bxe2 Be7 9. Nc3 c6 10. 0-0-0 0-0 11. Rhe1 Bg4 12. Nd4 Bxe2 13. Rxe2 Bd8 14. Nf5 d5 15. Nd6 b6 16. Nb7 Nbd7 17. Nxd8 Raxd8 18. Rde1 Rfe8 19. f3 Rxe2 20. Rxe2 Kf8 21. Nd1 Re8 22. Kd2 h6 23. Bf4 Re6 24. d4 Ke7 25. Ne3 Ne8 26. g4 Kf6 27. h4 g5 28. Bg3 Nd6 29. Bxd6 Rxd6 30. h5 c5 31. Nf5 Re6 32. c3 cxd4 33. cxd4 Nb8 34. Nxh6 Nc6 35. Nf5 1-0

[Event "ITA-ch (Women) 79th"]
[Site "Padova"]
[Date "2019.12.05"]
[Round "7"]
[White "Gueci, Tea"]
[Black "Andolfatto, Maria"]
[Result "1-0"]
[WhiteElo "2268"]
[BlackElo "1937"]
[PlyCount "77"]
[EventDate "2019.11.28"]
[EventType "tourn"]
[EventRounds "7"]
[EventCountry "ITA"]
[SourceTitle "CBM 193 Extra"]
[Source "ChessBase"]
[SourceDate "2020.01.31"]
[SourceVersion "1"]
[SourceVersionDate "2020.01.31"]
[SourceQuality "1"]

1. e4 e5 2. Nf3 Nf6 3. Nxe5 d6 4. Nf3 Nxe4 5. Bd3 Nf6 6. 0-0 Be7 7. h3 0-0 8. c3 c5 9. Bc2 Nc6 10. d4 Be6 11. Re1 h6 12. Nbd2 Re8 13. Nf1 Bd5 14. Be3 Bf8 15. Ng3 b6 16. Ba4 Rc8 17. Bb5 Bxf3 18. Qxf3 d5 19. Nf5 Ne4 20. Ba6 Rc7 21. Bf4 Rd7 22. Bb5 Qc8 23. c4 a6 24. Ba4 b5 25. cxb5 axb5 26. Bxb5 Re6 27. Rac1 Rf6 28. Be5 Rg6 29. Bxc6 Rxc6 30. dxc5 Nxc5 31. Nd4 Rb6 32. Nb3 Rxb3 33. axb3 Qb7 34. Re3 Qb5 35. Qg4 Rb7 36. Rg3 Ne6 37. Rc8 g6 38. Qh4 h5 39. Qf6 1-0

[Event "ITA-ch (Women) 79th"]
[Site "Padova"]
[Date "2019.12.03"]
[Round "5"]
[White "Zimina, Olga"]
[Black "Andolfatto, Maria"]
[Result "1-0"]
[WhiteElo "2406"]
[BlackElo "1937"]
[PlyCount "81"]
[EventDate "2019.11.28"]
[EventType "tourn"]
[EventRounds "7"]
[EventCountry "ITA"]
[SourceTitle "CBM 193 Extra"]
[Source "ChessBase"]
[SourceDate "2020.01.31"]
[SourceVersion "1"]
[SourceVersionDate "2020.01.31"]
[SourceQuality "1"]

1. Nf3 d5 2. g3 Nf6 3. Bg2 c5 4. 0-0 Nc6 5. d3 g6 6. Nbd2 Bg7 7. e4 0-0 8. c3 Qc7 9. Re1 dxe4 10. dxe4 Rd8 11. Qc2 b6 12. Nc4 Ng4 13. e5 Bf5 14. Qb3 Rab8 15. e6 f6 16. a4 a6 17. Bf4 Nge5 18. Ne3 Bd3 19. Rad1 Na5 20. Qa2 c4 21. Ng4 Nac6 22. b4 Nxf3+ 23. Bxf3 Ne5 24. Bg2 Bf5 25. Ne3 Bxe6 26. Nd5 Rxd5 27. Bxd5 Bxd5 28. Bxe5 fxe5 29. Rxd5 b5 30. axb5 axb5 31. Qd2 Bf6 32. Rd1 Kg7 33. Rc5 Qb7 34. Qd5 e4 35. Qe6 Ra8 36. Rd7 Ra1+ 37. Kg2 Qa8 38. Rxe7+ Bxe7 39. Qxe7+ Kh8 40. Rc7 e3+ 41. Kh3 1-0

[Event "ITA-ch (Women) 79th"]
[Site "Padova"]
[Date "2019.11.29"]
[Round "2"]
[White "Andolfatto, Maria"]
[Black "Sedina, Elena"]
[Result "0-1"]
[WhiteElo "1937"]
[BlackElo "2304"]
[PlyCount "56"]
[EventDate "2019.11.28"]
[EventType "tourn"]
[EventRounds "7"]
[EventCountry "ITA"]
[SourceTitle "CBM 193 Extra"]
[Source "ChessBase"]
[SourceDate "2020.01.31"]
[SourceVersion "1"]
[SourceVersionDate "2020.01.31"]
[SourceQuality "1"]

1. c4 e5 2. g3 c6 3. Bg2 d5 4. cxd5 cxd5 5. d4 e4 6. Nc3 Nf6 7. Bg5 Bb4 8. Rc1 Nbd7 9. Nh3 0-0 10. 0-0 h6 11. Nxd5 hxg5 12. Nxb4 g4 13. Nf4 Nb6 14. e3 a5 15. Nc2 Nc4 16. Rb1 Bf5 17. Na3 Nd6 18. Qd2 Nh7 19. Rbc1 Ng5 20. Nc4 Ne8 21. Kh1 Ra6 22. d5 Nf3 23. Qc3 Rh6 24. Bxf3 gxf3 25. Qe5 Qg5 26. Nd2 Nf6 27. Kg1 Rxh2 28. Kxh2 Ng4+ 0-1

[Event "ITA-ch sf"]
[Site "Spoleto"]
[Date "2019.07.24"]
[Round "5"]
[White "Gueci, Tea"]
[Black "Andolfatto, Maria"]
[Result "1-0"]
[WhiteElo "2245"]
[BlackElo "2034"]
[PlyCount "97"]
[EventDate "2019.07.20"]
[EventType "swiss"]
[EventRounds "9"]
[EventCountry "ITA"]
[SourceTitle "EXT 2020"]
[Source "ChessBase"]
[SourceDate "2019.10.17"]
[SourceVersion "1"]
[SourceVersionDate "2019.10.17"]
[SourceQuality "1"]

1. e4 e5 2. Nf3 Nf6 3. Nc3 Nc6 4. Bb5 Bd6 5. 0-0 0-0 6. a3 Nd4 7. Bc4 Nxf3+ 8. Qxf3 Be7 9. d3 d6 10. h3 c6 11. Re1 Be6 12. Bg5 Nd7 13. Be3 Bg5 14. Bxe6 fxe6 15. Qg4 Bxe3 16. Qxe6+ Kh8 17. Rxe3 Rf6 18. Qg4 Nc5 19. Rg3 Qf8 20. Rf1 Qf7 21. Qd1 Rf8 22. Qe1 Ne6 23. Ne2 h5 24. c3 c5 25. d4 cxd4 26. cxd4 exd4 27. f4 Nc5 28. Nxd4 Re8 29. Re3 Rxf4 30. Rxf4 Qxf4 31. Qe2 g6 32. Qf3 Qe5 33. Qf7 Rg8 34. Nf3 Qg7 35. Qd5 Qxb2 36. Qxd6 Qc1+ 37. Re1 Qc3 38. e5 Kh7 39. e6 Nd3 40. Ng5+ Kh6 41. Nf7+ Kg7 42. Rd1 Nb2 43. Rf1 Re8 44. Qf4 Rxe6 45. Qh6+ Kg8 46. Ng5 Rf6 47. Qh7+ Kf8 48. Qh8+ Ke7 49. Qg7+ 1-0

[Event "ITA-ch sf"]
[Site "Spoleto"]
[Date "2019.07.20"]
[Round "1"]
[White "Andolfatto, Maria"]
[Black "Gueci, Tea"]
[Result "0-1"]
[WhiteElo "2034"]
[BlackElo "2245"]
[PlyCount "116"]
[EventDate "2019.07.20"]
[EventType "swiss"]
[EventRounds "9"]
[EventCountry "ITA"]
[SourceTitle "EXT 2020"]
[Source "ChessBase"]
[SourceDate "2019.10.17"]
[SourceVersion "1"]
[SourceVersionDate "2019.10.17"]
[SourceQuality "1"]

1. Nf3 Nf6 2. g3 d5 3. Bg2 c6 4. c4 dxc4 5. 0-0 g6 6. Qc2 Bg7 7. Qxc4 0-0 8. d3 Nbd7 9. Qc2 e5 10. Nc3 Qe7 11. Rd1 h6 12. e4 Re8 13. h3 b5 14. a4 b4 15. Nb1 Qc5 16. Qe2 Ba6 17. Nbd2 Qc2 18. Ne1 Qc5 19. Nb3 Qe7 20. Be3 c5 21. Rdc1 Rac8 22. Rc2 Rc7 23. Rac1 Rec8 24. Qd2 Kh7 25. f3 Bf8 26. d4 exd4 27. Bxd4 Qe6 28. Bxf6 Nxf6 29. Qe3 c4 30. Kh2 Nh5 31. f4 Bg7 32. Nd4 Qb6 33. e5 Rd8 34. Nef3 Bf8 35. g4 Ng7 36. Qe1 Bc5 37. Nb5 Bxb5 38. axb5 Be3 39. Rxc4 Bxc1 40. Qxc1 Rdc8 41. Rc6 Rxc6 42. bxc6 Rxc6 43. Qxc6 Qxc6 44. Ng5+ hxg5 45. Bxc6 gxf4 46. h4 Ne6 47. Kg2 a5 48. Kf2 Kg8 49. Ke1 Nd4 50. Be4 a4 51. Kd2 a3 52. bxa3 bxa3 53. Bd5 Nf3+ 54. Kc3 Nxe5 55. g5 f3 56. Kd2 f2 57. Ke2 Nd3 58. Kf1 Nb4 0-1

[Event "EU-ch 20th"]
[Site "Skopje"]
[Date "2019.03.28"]
[Round "10"]
[White "Andolfatto, Maria"]
[Black "Konstantinov, Aleksandar1111"]
[Result "1/2-1/2"]
[WhiteElo "2033"]
[BlackElo "2079"]
[PlyCount "84"]
[EventDate "2019.03.18"]
[EventType "swiss"]
[EventRounds "11"]
[EventCountry "MKD"]
[SourceTitle "CBM 189"]
[Source "ChessBase"]
[SourceDate "2019.04.29"]
[SourceVersion "1"]
[SourceVersionDate "2019.04.29"]
[SourceQuality "1"]

1. Nf3 g6 2. c4 Bg7 3. d4 d6 4. g3 f5 5. Bg2 Nf6 6. Nc3 0-0 7. 0-0 Qe8 8. Re1 Qf7 9. e4 Nxe4 10. Nxe4 fxe4 11. Rxe4 Bf5 12. Re1 Bg4 13. Bf4 Nc6 14. Qd3 Bxf3 15. Bxf3 Nxd4 16. Bd5 e6 17. Qxd4 exd5 18. Qxd5 Qxd5 19. cxd5 Bxb2 20. Rab1 Bd4 21. Rxb7 Bb6 22. Be3 Rae8 23. Rb1 Rf7 24. a4 Bxe3 25. fxe3 Rxe3 26. Rxa7 Rd3 27. Rc1 Rxd5 28. Rcxc7 Rxc7 29. Rxc7 Ra5 30. Rc4 Kf7 31. Kf2 Ke6 32. Ke3 d5 33. Rb4 Ke5 34. Kd3 Rc5 35. Rb1 Kd6 36. Ra1 Kc6 37. a5 Kb7 38. a6+ Ka7 39. Kd4 Rc2 40. Kxd5 Rxh2 41. Ke5 Rf2 42. Ra3 g5 1/2-1/2

[Event "EU-ch 20th"]
[Site "Skopje"]
[Date "2019.03.26"]
[Round "8"]
[White "Andolfatto, Maria"]
[Black "Risteski, Emil"]
[Result "0-1"]
[WhiteElo "2033"]
[BlackElo "2132"]
[PlyCount "76"]
[EventDate "2019.03.18"]
[EventType "swiss"]
[EventRounds "11"]
[EventCountry "MKD"]
[SourceTitle "CBM 189"]
[Source "ChessBase"]
[SourceDate "2019.04.29"]
[SourceVersion "1"]
[SourceVersionDate "2019.04.29"]
[SourceQuality "1"]

1. Nf3 f5 2. c4 Nf6 3. g3 g6 4. Bg2 Bg7 5. Nc3 0-0 6. 0-0 d6 7. d4 Qe8 8. Re1 e5 9. dxe5 dxe5 10. e4 fxe4 11. Ng5 Nc6 12. Nd5 Qd8 13. Nxf6+ Qxf6 14. Nxe4 Qf7 15. Be3 Nd4 16. Ng5 Qf6 17. Kh1 c6 18. c5 Bf5 19. Ne4 Bxe4 20. Bxe4 Rad8 21. Qc1 Qe6 22. Kg2 Qg4 23. Bg5 Rd7 24. h3 Qe6 25. Be3 Rdf7 26. Rf1 Ne2 27. Qc2 Nf4+ 28. Bxf4 exf4 29. Bf3 fxg3 30. fxg3 Qe5 31. Rab1 Qg5 32. h4 Qe3 33. Rbe1 Qd4 34. b3 Rf5 35. Rc1 Qe3 36. Be2 Rf2+ 37. Rxf2 Rxf2+ 38. Kh3 Qxe2 0-1

[Event "EU-ch 20th"]
[Site "Skopje"]
[Date "2019.03.25"]
[Round "7"]
[White "Petrovic, Lazar1111"]
[Black "Andolfatto, Maria"]
[Result "0-1"]
[WhiteElo "1690"]
[BlackElo "2033"]
[PlyCount "68"]
[EventDate "2019.03.18"]
[EventType "swiss"]
[EventRounds "11"]
[EventCountry "MKD"]
[SourceTitle "CBM 189"]
[Source "ChessBase"]
[SourceDate "2019.04.29"]
[SourceVersion "1"]
[SourceVersionDate "2019.04.29"]
[SourceQuality "1"]

1. d4 Nf6 2. Nf3 g6 3. Bf4 Bg7 4. e3 0-0 5. h3 d6 6. Nbd2 Nbd7 7. e4 c5 8. c3 Re8 9. e5 Nd5 10. Bh2 cxd4 11. cxd4 N7b6 12. Bb5 Bd7 13. Bxd7 Qxd7 14. 0-0 Rac8 15. Ne4 dxe5 16. dxe5 Bh6 17. Re1 Qa4 18. Qxa4 Nxa4 19. Re2 Nb4 20. b3 Nc3 21. Nxc3 Rxc3 22. Nd4 Rd8 23. Nb5 Rc5 24. a4 a6 25. Na3 Rc3 26. Rb1 Bc1 27. Bf4 Bxa3 28. Ra1 Bc1 29. Rxc1 Rxc1+ 30. Bxc1 Rd1+ 31. Kh2 Rxc1 32. e6 fxe6 33. Rxe6 Nc6 34. Re1 Rxe1 0-1

[Event "EU-ch 20th"]
[Site "Skopje"]
[Date "2019.03.22"]
[Round "5"]
[White "Andolfatto, Maria"]
[Black "Eric, Jovana"]
[Result "0-1"]
[WhiteElo "2033"]
[BlackElo "2205"]
[PlyCount "82"]
[EventDate "2019.03.18"]
[EventType "swiss"]
[EventRounds "11"]
[EventCountry "MKD"]
[SourceTitle "CBM 189"]
[Source "ChessBase"]
[SourceDate "2019.04.29"]
[SourceVersion "1"]
[SourceVersionDate "2019.04.29"]
[SourceQuality "1"]

1. Nf3 f5 2. c4 Nf6 3. g3 e6 4. Bg2 d5 5. b3 c6 6. Bb2 Bd6 7. 0-0 0-0 8. d3 Qe7 9. Nbd2 e5 10. c5 Bc7 11. e4 fxe4 12. dxe4 dxe4 13. Ne1 Bg4 14. Qc2 Be2 15. Rc1 Bxf1 16. Bxf1 e3 17. fxe3 Nbd7 18. Bg2 Kh8 19. Nd3 Rad8 20. e4 Ng4 21. Nf3 Ne3 22. Qe2 Nxg2 23. Kxg2 Rf7 24. Qe3 Rdf8 25. Nde1 Kg8 26. Rc2 Nf6 27. Bc1 h6 28. Qe2 Nh5 29. Be3 Qf6 30. Kh1 Qg6 31. Bg1 Nf6 32. Rc4 Qg4 33. Qg2 Nh5 34. Nd2 Qd1 35. Nd3 Rd8 36. Rc1 Qg4 37. Ne1 Rfd7 38. Nef3 Rd3 39. Re1 Ba5 40. Re2 Bxd2 41. Nxd2 Rxg3 0-1

[Event "EU-ch 20th"]
[Site "Skopje"]
[Date "2019.03.18"]
[Round "1"]
[White "Andolfatto, Maria"]
[Black "Golubka, Petr"]
[Result "0-1"]
[WhiteElo "2033"]
[BlackElo "2468"]
[PlyCount "88"]
[EventDate "2019.03.18"]
[EventType "swiss"]
[EventRounds "11"]
[EventCountry "MKD"]
[SourceTitle "CBM 189"]
[Source "ChessBase"]
[SourceDate "2019.04.29"]
[SourceVersion "1"]
[SourceVersionDate "2019.04.29"]
[SourceQuality "1"]

1. Nf3 Nf6 2. c4 g6 3. g3 Bg7 4. Bg2 0-0 5. Nc3 d5 6. cxd5 Nxd5 7. 0-0 Nc6 8. d4 Bf5 9. Nd2 Ndb4 10. e4 Bc8 11. d5 Ne5 12. Nb3 c6 13. a3 Nbd3 14. Qc2 cxd5 15. Nxd5 Bd7 16. Rd1 Rc8 17. Qe2 Ba4 18. Rxd3 Nxd3 19. Qxd3 e6 20. Bh3 Rxc1+ 21. Rxc1 exd5 22. exd5 Bxb2 23. Rd1 Bxa3 24. Ra1 Bxb3 25. Qxb3 Bc5 26. Qxb7 Bxf2+ 27. Kh1 Bb6 28. Rf1 h5 29. Qd7 Qxd7 30. Bxd7 Rd8 31. Bc6 Bc7 32. Kg2 a5 33. Rf3 Kg7 34. h4 Rb8 35. Kh3 Bd6 36. Ba4 Rb4 37. Be8 f5 38. Rc3 Rg4 39. Bd7 a4 40. Bb5 a3 41. Bc4 Be5 42. Re3 Rxc4 43. Rxe5 Ra4 44. d6 a2 0-1

[Event "ITA-ch (Women) 78th"]
[Site "Salerno"]
[Date "2018.11.29"]
[Round "3"]
[White "Sedina, Elena"]
[Black "Andolfatto, Maria"]
[Result "1/2-1/2"]
[WhiteElo "2263"]
[BlackElo "2065"]
[PlyCount "117"]
[EventDate "2018.11.27"]
[EventType "tourn"]
[EventRounds "7"]
[EventCountry "ITA"]
[SourceTitle "CBM 187 Extra"]
[Source "ChessBase"]
[SourceDate "2018.11.04"]
[SourceVersion "1"]
[SourceVersionDate "2018.11.04"]
[SourceQuality "1"]

1. e4 e5 2. Nf3 Nf6 3. Nc3 Nc6 4. d4 exd4 5. Nxd4 Bb4 6. Nxc6 bxc6 7. Bd3 d5 8. exd5 cxd5 9. 0-0 0-0 10. Bg5 c6 11. Ne2 Bg4 12. c3 Bd6 13. Qc2 h6 14. Bh4 Re8 15. f3 Bd7 16. Rae1 Qb6+ 17. Bf2 Qc7 18. Ng3 Rab8 19. c4 Be5 20. b3 d4 21. Bf5 Bxf5 22. Qxf5 c5 23. Re2 Bd6 24. Rfe1 Rxe2 25. Rxe2 a5 26. Qd3 a4 27. bxa4 Ra8 28. Qb3 Qa5 29. Nf5 Bf8 30. Bh4 g5 31. Bg3 Qxa4 32. Ne7+ Bxe7 33. Rxe7 Qxa2 34. Qb7 Qa6 35. Be5 Qxb7 36. Rxb7 Ne8 37. Rb6 d3 38. Kf2 Rd8 39. Rb8 Rxb8 40. Bxb8 Nf6 41. Ke3 Nd7 42. Bc7 Kg7 43. Kxd3 Kf6 44. Ke4 Ke6 45. g4 Nf6+ 46. Ke3 Nd7 47. Ke4 Nf6+ 48. Ke3 Nd7 49. f4 f5 50. h3 fxg4 51. hxg4 gxf4+ 52. Kxf4 Kf6 53. Ke4 Ke6 54. Bf4 Nf6+ 55. Kf3 Nd7 56. Bxh6 Ne5+ 57. Kf4 Nxg4 58. Bg7 Nf6 59. Bxf6 1/2-1/2

[Event "EU-Cup (Women) 23rd"]
[Site "Porto Carras"]
[Date "2018.10.18"]
[Round "7.4"]
[White "Andolfatto, Maria"]
[Black "Tsivelekidou, Anthoula Elpida"]
[Result "1-0"]
[WhiteElo "2068"]
[BlackElo "1147"]
[PlyCount "63"]
[EventDate "2018.10.12"]
[EventType "team-swiss"]
[EventRounds "7"]
[EventCountry "GRE"]
[SourceTitle "CBM 186 Extra"]
[Source "ChessBase"]
[SourceDate "2018.08.24"]
[SourceVersion "1"]
[SourceVersionDate "2018.08.24"]
[SourceQuality "1"]
[WhiteTeam "Caissa Italia Alpi Marittime (W)"]
[BlackTeam "Thessaloniki Galaxias (W)"]
[WhiteTeamCountry "ITA"]
[BlackTeamCountry "GRE"]

1. Nf3 d5 2. c4 e6 3. g3 Nf6 4. Bg2 b6 5. 0-0 Bb7 6. d4 Nbd7 7. Bf4 c5 8. cxd5 Bxd5 9. Nc3 Be7 10. Rc1 0-0 11. Re1 Rc8 12. e4 Bb7 13. d5 exd5 14. exd5 Re8 15. Nd2 Bf8 16. a4 a6 17. Nc4 Nb8 18. Rxe8 Nxe8 19. Bh3 Rc7 20. Bxc7 Qxc7 21. Qb3 Nd6 22. Qxb6 Qxb6 23. Nxb6 g6 24. Re1 Kg7 25. Ne4 Ne8 26. Rc1 Nf6 27. Nxf6 Kxf6 28. b4 Ke5 29. bxc5 Bxd5 30. Bg2 Bxg2 31. Kxg2 Nc6 32. Nd7+ 1-0

[Event "ITA-ch sf (Women)"]
[Site "Alessandria"]
[Date "2018.07.26"]
[Round "7.2"]
[White "Andolfatto, Maria"]
[Black "Raccanello, Marianna"]
[Result "1-0"]
[WhiteElo "2028"]
[BlackElo "1945"]
[PlyCount "103"]
[EventDate "2018.07.21"]
[EventType "tourn"]
[EventRounds "10"]
[EventCountry "ITA"]
[SourceTitle "EXT 2023"]
[Source "ChessBase"]
[SourceDate "2022.10.05"]
[SourceVersion "1"]
[SourceVersionDate "2022.10.05"]
[SourceQuality "1"]

1. c4 c5 2. Nf3 Nc6 3. g3 g6 4. Bg2 Bg7 5. Nc3 e5 6. 0-0 d6 7. a3 Nge7 8. b4 cxb4 9. axb4 Nxb4 10. Ba3 Nbc6 11. Ne4 0-0 12. Nxd6 Rb8 13. Rb1 f5 14. Nxc8 Qxc8 15. Ng5 e4 16. Bd6 Ra8 17. c5 Rf6 18. Qb3+ Kh8 19. Nf7+ Kg8 20. Nd8+ Kh8 21. Nxb7 Nd4 22. Qc4 Nec6 23. e3 Nf3+ 24. Bxf3 exf3 25. Qd5 g5 26. Be5 Nxe5 27. Qxe5 f4 28. Qd5 Qh3 29. Qxf3 fxe3 30. Qg2 Qxg2+ 31. Kxg2 e2 32. Rfe1 Rb8 33. Rxe2 Rf7 34. Nd6 Rxf2+ 35. Rxf2 Rxb1 36. Nf7+ Kg8 37. Nxg5 Bd4 38. Rf5 Re1 39. Nf3 Re2+ 40. Kh3 Bg7 41. c6 Re7 42. d4 Rc7 43. d5 Bf8 44. Nd4 Rc8 45. Rf1 a5 46. Nb5 Bh6 47. c7 Bf8 48. Rc1 a4 49. Na7 Rxc7 50. Rxc7 a3 51. Nb5 a2 52. Ra7 1-0

[Event "ITA-ch sf (Women)"]
[Site "Alessandria"]
[Date "2018.07.24"]
[Round "4.2"]
[White "Andolfatto, Maria"]
[Black "Gueci, Tea"]
[Result "1/2-1/2"]
[WhiteElo "2028"]
[BlackElo "2147"]
[PlyCount "112"]
[EventDate "2018.07.21"]
[EventType "tourn"]
[EventRounds "10"]
[EventCountry "ITA"]
[SourceTitle "EXT 2023"]
[Source "ChessBase"]
[SourceDate "2022.10.05"]
[SourceVersion "1"]
[SourceVersionDate "2022.10.05"]
[SourceQuality "1"]

1. Nf3 d5 2. g3 Nf6 3. Bg2 e6 4. 0-0 c5 5. d4 Nc6 6. c4 Be7 7. cxd5 exd5 8. Nc3 h6 9. Bf4 0-0 10. Rc1 Bd6 11. dxc5 Bxc5 12. Na4 Be7 13. Nd4 Qa5 14. Nxc6 bxc6 15. Be3 Rb8 16. Bc5 Bxc5 17. Rxc5 Qa6 18. b3 Re8 19. Re1 Bf5 20. Bf1 Ne4 21. Rc1 Qb7 22. Qd4 Ng5 23. Qc3 Qd7 24. Bg2 Rbc8 25. Nc5 Qd6 26. Nd3 Ne4 27. Bxe4 Bxe4 28. Nc5 Bf5 29. Qd4 Qg6 30. Qd2 Qh5 31. Nd3 Bg4 32. Nf4 Qe5 33. Nd3 Qf6 34. Kg2 Bf5 35. Nc5 Bg4 36. Nd3 Rxe2 37. Rxe2 Qf3+ 38. Kg1 Qxe2 39. Qxe2 Bxe2 40. Nb4 d4 41. Rc2 Bf3 42. Kf1 Rd8 43. Ke1 Rd6 44. Nd3 Kf8 45. Kd2 Ke7 46. Nc5 Rd5 47. Kd3 Bh5 48. Kc4 Kd6 49. b4 f5 50. Rd2 Bf7 51. Rxd4 Rxd4+ 52. Kxd4 Bxa2 53. h4 g5 54. hxg5 hxg5 55. Nd3 Bd5 56. Nb2 Ba2 1/2-1/2

[Event "Palmanova op 6th"]
[Site "Palmanova"]
[Date "2017.12.10"]
[Round "6"]
[White "Juretic, Lejla"]
[Black "Andolfatto, Maria"]
[Result "1/2-1/2"]
[WhiteElo "1940"]
[BlackElo "1978"]
[PlyCount "50"]
[EventDate "2017.12.07"]
[EventType "swiss"]
[EventRounds "6"]
[EventCountry "ITA"]
[SourceTitle "CBM 182 Extra"]
[Source "ChessBase"]
[SourceDate "2018.02.23"]
[SourceVersion "1"]
[SourceVersionDate "2018.02.23"]
[SourceQuality "1"]

1. d4 d5 2. Nf3 Nf6 3. e3 e6 4. Bd3 Be7 5. Nbd2 0-0 6. 0-0 c5 7. b3 b6 8. Bb2 Bb7 9. Ne5 Nc6 10. a3 a6 11. Nxc6 Bxc6 12. a4 b5 13. axb5 Bxb5 14. Qe2 Qb6 15. Bxb5 axb5 16. Ba3 b4 17. Bb2 Qc6 18. c4 bxc3 19. Bxc3 cxd4 20. Bxd4 Rxa1 21. Rxa1 Qc2 22. Qd1 Qxd1+ 23. Rxd1 Bb4 24. Nf3 Ne4 25. Rc1 Rb8 1/2-1/2

[Event "Wch U20 Girls 35th"]
[Site "Tarvisio"]
[Date "2017.11.25"]
[Round "11"]
[White "Andolfatto, Maria"]
[Black "Yuan, Ye"]
[Result "1/2-1/2"]
[WhiteElo "1970"]
[BlackElo "2196"]
[PlyCount "84"]
[EventDate "2017.11.13"]
[EventType "swiss"]
[EventRounds "11"]
[EventCountry "ITA"]
[SourceTitle "EXT 2019"]
[Source "ChessBase"]
[SourceDate "2018.10.10"]
[SourceVersion "1"]
[SourceVersionDate "2018.10.10"]
[SourceQuality "1"]

1. Nf3 d5 2. c4 e6 3. g3 Nf6 4. Bg2 c6 5. 0-0 Bd6 6. d4 Nbd7 7. Nc3 b6 8. Nd2 Bb7 9. e4 dxe4 10. Ndxe4 Nxe4 11. Nxe4 Be7 12. Bf4 Nf6 13. Rc1 0-0 14. Qd2 Qd7 15. Rfd1 Rfd8 16. Qc2 Nh5 17. Ng5 g6 18. Be3 Qc7 19. Qe4 Nf6 20. Qf3 e5 21. Ne4 Ne8 22. dxe5 Qxe5 23. Nc3 Nd6 24. Bf4 Qf5 25. b3 g5 26. Bxd6 Qxf3 27. Bxf3 Bxd6 28. Rd3 Be5 29. Re3 Bd6 30. Ne4 Be7 31. Nc3 Bc5 32. Ree1 Rd3 33. Bg4 Bb4 34. Re3 Rxe3 35. fxe3 Re8 36. Kf2 Bc5 37. Re1 Re5 38. Na4 Be7 39. Rd1 b5 40. Nb2 Bc5 41. Re1 Bb4 42. Rd1 Bc5 1/2-1/2